00227nam a2200085Ia 4500008004100000041000800041100001800049245003700067260003700104241105s9999 xx 000 0 und d aeng aShinde Shweta aAgro Tourism Resort In Panchgani bFinal Year B.Arch ID, Punec2014